| 000 | 00472nam a2200181 i 4500 | ||
|---|---|---|---|
| 001 | 79705 | ||
| 003 | ES-MaACL | ||
| 005 | 20230906174032.0 | ||
| 007 | t| | ||
| 008 | 041022s1934 sp ||||1| spa d | ||
| 080 | _a616-002.73 | ||
| 100 | 1 |
_aHerrera Reyes, M. _963240 |
|
| 245 | 1 | 0 |
_aReserva alcalina en la lepra / _cpor M. Herrera Reyes. |
| 260 |
_aGranada : _bUrania, _c1934. |
||
| 300 |
_a8 p. ; _c18 cm. |
||
| 650 | 0 | 4 |
_aLepra. _914372 |
| 852 |
_aES-MaACL _j1786-F-15 |
||
| 999 |
_c79705 _d79705 |
||